| 000 | 00659nam a2200229 u 4500 | ||
|---|---|---|---|
| 005 | 20240924070512.0 | ||
| 008 | 160530s2004 r 000 0 eng d | ||
| 020 | _a1405434376 | ||
| 035 | _aUPN01000210837 | ||
| 049 | _aC | ||
| 050 | 4 |
_aG1021 _bL9.2 |
|
| 100 | 1 |
_aLye, Keith _938986 |
|
| 245 | 1 | 0 |
_aAtlas del mundo / _cKeith Lye , Philip Steele ; tr. Vicenc Prat. |
| 260 |
_aBarcelona, Esp. : _bParragon, _c2004. |
||
| 300 |
_a256 p. : _bil. col. |
||
| 650 | 4 |
_aAtlas _98563 |
|
| 650 | 2 |
_aGeografĂa _94018 |
|
| 650 | 4 |
_aGEOGRAFIA HISTORICA - _vMAPAS _911550 |
|
| 700 | 1 |
_aSteele, Philip, _d1948- _ecoaut. _930682 |
|
| 905 | _aLibro | ||
| 999 |
_c182938 _d182938 |
||